Systémy na báze platformy LeapMotion pre testovanie pohybových a rozpoznávacích schopností detí
Saved in:
| Main Author: | |
|---|---|
| Other Authors: | |
| Format: | Manuscript Book |
| Language: | Slovak |
| Published: |
2017
|
| Subjects: | |
| Online Access: | http://is.stuba.sk/zp/portal_zp.pl?podrobnosti=116082 |
| Tags: |
No Tags, Be the first to tag this record!
|
MARC
| LEADER | 00000ntm a22000003a 4500 | ||
|---|---|---|---|
| 001 | stuzp61132 | ||
| 003 | SK-STU | ||
| 005 | 20170801090053.6 | ||
| 007 | ta | ||
| 008 | 150427s2015----xo-----f-mn---000-0-slo-d | ||
| 040 | |a STU |b slo | ||
| 041 | 0 | |a slo | |
| 044 | |a xo | ||
| 100 | 1 | |a Mášiková, Andrea |u 035000 |4 aut |U FEI Fakulta elektrotechniky a informatiky |T FEI Ústav informatiky a matematiky |X 74750 |U E050 |Y 816 |7 74750 | |
| 242 | 0 | 1 | |a The Leap Motion platform system for testing children's movement and recognition skills |y eng |
| 245 | 1 | 0 | |a Systémy na báze platformy LeapMotion pre testovanie pohybových a rozpoznávacích schopností detí |
| 260 | |c 2017 | ||
| 300 | |a 37 s., príl., |b CD-ROM | ||
| 650 | 4 | |a Leap Motion |2 slo | |
| 650 | 4 | |a motorika detí |2 slo | |
| 650 | 4 | |a technológia |2 slo | |
| 650 | 4 | |a geometrický útvar |2 slo | |
| 650 | 4 | |a Leap Motion |2 eng | |
| 650 | 4 | |a technology |2 eng | |
| 650 | 4 | |a motor skills of children |2 eng | |
| 650 | 4 | |a geometric shape |2 eng | |
| 700 | 1 | |a Drozda, Martin |u 035000 |k Z1 |4 ths |U FEI Fakulta elektrotechniky a informatiky |T FEI Ústav informatiky a matematiky |X 71006 |U E050 |Y 816 |7 A000071006 | |
| 856 | 4 | |u http://is.stuba.sk/zp/portal_zp.pl?podrobnosti=116082 | |
| 996 | |b 284ER02544 |c E*Bc- 2544 |l EE35 |s P |a 0 |w stuzp61132_0001 | ||